[Event "Ancona Ascoli Province-ch"]
[Site "Porto Sant Elpidio"]
[Date "2016.01.31"]
[Round "4"]
[White "Marchetti, Michael"]
[Black "Marinucci, Johnny"]
[Result "1-0"]
[WhiteElo "1818"]
[BlackElo "1666"]
[PlyCount "55"]
[EventDate "2016.01.29"]
[EventType "swiss"]
[EventRounds "5"]
[EventCountry "ITA"]
[SourceTitle "EXT 2018"]
[Source "ChessBase"]
[SourceDate "2017.10.13"]
[SourceVersion "1"]
[SourceVersionDate "2017.10.13"]
[SourceQuality "1"]

1. Nf3 Nf6 2. d4 g6 3. e3 Bg7 4. b3 0-0 5. Bb2 b6 6. Bd3 Bb7 7. 0-0 d5 8. Ne5 Nbd7 9. f4 Nxe5 10. fxe5 Ne4 11. Nd2 Nxd2 12. Qxd2 f6 13. exf6 exf6 14. Rf3 Re8 15. Raf1 Qd6 16. Qf2 Re6 17. Rh3 Qe7 18. Qh4 Rxe3 19. Qxh7+ Kf8 20. Bxg6 Re1 21. Rhf3 Rxf1+ 22. Rxf1 Ba6 23. c4 Rd8 24. Ba3 Rd6 25. Bxd6 cxd6 26. Qh4 Qe3+ 27. Kh1 Bh6 28. Qxf6+ 1-0

[Event "Ancona Ascoli Province-ch"]
[Site "Porto Sant Elpidio"]
[Date "2016.01.30"]
[Round "2"]
[White "Marinucci, Johnny"]
[Black "Tibulca, Victor George"]
[Result "1-0"]
[WhiteElo "1666"]
[BlackElo "1452"]
[PlyCount "57"]
[EventDate "2016.01.29"]
[EventType "swiss"]
[EventRounds "5"]
[EventCountry "ITA"]
[SourceTitle "EXT 2018"]
[Source "ChessBase"]
[SourceDate "2017.10.13"]
[SourceVersion "1"]
[SourceVersionDate "2017.10.13"]
[SourceQuality "1"]

1. d4 Nf6 2. Bf4 d5 3. e3 e6 4. Nd2 c5 5. c3 b6 6. Ngf3 Bd6 7. Ne5 Ne4 8. Bb5+ Nd7 9. Nxf7 Kxf7 10. Nxe4 Bxf4 11. Qf3 Nf6 12. Qxf4 dxe4 13. g4 Bd7 14. Bxd7 Qxd7 15. g5 Rhe8 16. gxf6 gxf6 17. Qxe4 Rg8 18. Qxh7+ Ke8 19. Qxg8+ Ke7 20. Qxa8 Qb5 21. Qxa7+ Kd8 22. Rg1 cxd4 23. Rg8+ Qe8 24. Qxb6+ Ke7 25. Qc7+ Qd7 26. Rg7+ Ke8 27. Qxd7+ Kf8 28. cxd4 e5 29. Qf7# 1-0

[Event "Ancona Ascoli Province-ch"]
[Site "Porto Sant Elpidio"]
[Date "2016.01.29"]
[Round "1"]
[White "Foglia, Maurizio"]
[Black "Marinucci, Johnny"]
[Result "1-0"]
[WhiteElo "2090"]
[BlackElo "1666"]
[PlyCount "83"]
[EventDate "2016.01.29"]
[EventType "swiss"]
[EventRounds "5"]
[EventCountry "ITA"]
[SourceTitle "EXT 2018"]
[Source "ChessBase"]
[SourceDate "2017.10.13"]
[SourceVersion "1"]
[SourceVersionDate "2017.10.13"]
[SourceQuality "1"]

1. d4 Nf6 2. Bg5 d5 3. Nc3 Bf5 4. f3 Nbd7 5. Nxd5 Nxd5 6. e4 f6 7. Bc1 Be6 8. exd5 Bxd5 9. Ne2 Bf7 10. Nc3 c6 11. Bd3 Qb6 12. Qe2 0-0-0 13. Be3 Qxb2 14. Kd2 Qa3 15. d5 cxd5 16. Nb5 Qa5+ 17. Kc1 e5 18. Nxa7+ Kb8 19. Nb5 d4 20. Bd2 Qa4 21. Rb1 Bg6 22. Bxg6 hxg6 23. Rb2 Rc8 24. Kb1 g5 25. g3 Be7 26. f4 gxf4 27. gxf4 Qc4 28. Qg2 Qc6 29. Qxg7 Qxh1+ 30. Bc1 Rhe8 31. fxe5 fxe5 32. Qg6 Qc6 33. Qd3 Nc5 34. Qe2 Bf8 35. Bd2 Ne4 36. Be1 Nc3+ 37. Nxc3 dxc3 38. Rb3 Qh1 39. a4 e4 40. Ka2 Qf3 41. Bg3+ Ka7 42. Qb5 1-0

[Event "Porto Sant Elpidio op-B 16th"]
[Site "Porto Sant Elpidio"]
[Date "2013.11.17"]
[Round "3"]
[White "Cesetti, Egidio"]
[Black "Marinucci, Johnny"]
[Result "1-0"]
[WhiteElo "1614"]
[BlackElo "1701"]
[PlyCount "125"]
[EventDate "2013.11.16"]
[EventType "swiss"]
[EventRounds "6"]
[EventCountry "ITA"]
[SourceTitle "EXT 2015"]
[Source "ChessBase"]
[SourceDate "2014.11.20"]
[SourceVersion "1"]
[SourceVersionDate "2014.11.20"]
[SourceQuality "1"]

1. Nf3 Nf6 2. c4 c6 3. g3 d5 4. Bg2 Bf5 5. cxd5 cxd5 6. Qb3 Qb6 7. Qxb6 axb6 8. d3 Nc6 9. a3 h6 10. Nc3 e6 11. 0-0 Be7 12. Bf4 0-0 13. Rac1 Nd7 14. e4 dxe4 15. dxe4 Bh7 16. Rfd1 Nc5 17. Ne5 Rfd8 18. Nc4 Nb3 19. Rxd8+ Rxd8 20. Re1 Bc5 21. Bc7 Rd7 22. Bxb6 Bxb6 23. Nxb6 Rd2 24. Nc4 Rd4 25. Ne3 Ne5 26. Nc2 Rd2 27. Re2 Rxe2 28. Nxe2 Nd3 29. Ncd4 Nxd4 30. Nxd4 Nxb2 31. e5 b6 32. f4 Bd3 33. Kf2 Nc4 34. a4 Kf8 35. Bc6 Na5 36. Bb5 Be4 37. Ke3 Bd5 38. Kd3 Ke7 39. Nc2 Kd8 40. Nb4 Bb7 41. Kc3 Kc7 42. Be8 f6 43. exf6 gxf6 44. Nc2 Kd6 45. Ne3 Ke7 46. Bh5 Bc6 47. Kb4 e5 48. Nf5+ Ke6 49. Nxh6 e4 50. Ng4 Nb7 51. Ne3 Nc5 52. Bg4+ Kf7 53. Bd1 Kg6 54. Nc4 Nd3+ 55. Kc3 b5 56. axb5 Bxb5 57. Be2 Bxc4 58. Kxc4 Nf2 59. Kd4 Kf5 60. Ke3 Nh3 61. g4+ Kg6 62. Kxe4 Kf7 63. Kf3 1-0

[Event "Morrovalle op 3rd"]
[Site "Trodica di Morrovalle"]
[Date "2013.08.16"]
[Round "1"]
[White "Giacometti, Carlo"]
[Black "Marinucci, Johnny"]
[Result "1-0"]
[WhiteElo "2068"]
[BlackElo "1691"]
[PlyCount "57"]
[EventDate "2013.08.16"]
[EventType "swiss"]
[EventRounds "5"]
[EventCountry "ITA"]
[SourceTitle "EXT 2015"]
[Source "ChessBase"]
[SourceDate "2014.11.20"]
[SourceVersion "1"]
[SourceVersionDate "2014.11.20"]
[SourceQuality "1"]

1. b4 Nf6 2. Bb2 d5 3. Nf3 Bf5 4. e3 e6 5. c4 Be7 6. c5 0-0 7. Bxf6 Bxf6 8. d4 Nd7 9. Nc3 c6 10. Bd3 Bxd3 11. Qxd3 a5 12. b5 e5 13. Nxe5 Nxe5 14. dxe5 Bxe5 15. Rc1 d4 16. exd4 Bxd4 17. Ne4 Re8 18. 0-0 Bb2 19. Qxd8 Raxd8 20. Rcd1 cxb5 21. Nd6 Rf8 22. Rb1 Be5 23. Nxb7 Rb8 24. Rxb5 Rfc8 25. g3 a4 26. Rbb1 Rc7 27. c6 Bf6 28. Nd6 Rd8 29. Rb7 1-0

[Event "Porto San Giorgio Weekend-B 15th"]
[Site "Porto San Giorgio"]
[Date "2012.11.24"]
[Round "4"]
[White "Silvestri, Giorgio"]
[Black "Marinucci, Johnny"]
[Result "1/2-1/2"]
[WhiteElo "1761"]
[BlackElo "1754"]
[PlyCount "120"]
[EventDate "2012.11.17"]
[EventType "swiss"]
[EventRounds "6"]
[EventCountry "ITA"]
[SourceTitle "EXT 2024"]
[Source "ChessBase"]
[SourceDate "2023.10.10"]
[SourceVersion "1"]
[SourceVersionDate "2023.10.10"]
[SourceQuality "1"]

1. d4 Nf6 2. c4 g6 3. Nf3 Bg7 4. Nc3 d5 5. e3 0-0 6. Be2 b6 7. 0-0 Bb7 8. b4 c5 9. bxc5 bxc5 10. cxd5 Nxd5 11. Nxd5 Bxd5 12. Bb2 Nc6 13. Qc1 Rb8 14. Rd1 Qb6 15. Bc3 c4 16. Nd2 Na5 17. Qa3 Nb7 18. e4 Bc6 19. d5 Bxc3 20. Qxc3 Bd7 21. Rdb1 Qc7 22. e5 Bf5 23. Rb4 Qd7 24. Bf3 Rfc8 25. h3 h5 26. Ne4 Bxe4 27. Bxe4 Qc7 28. Rab1 Nc5 29. Rxb8 Rxb8 30. Rxb8+ Qxb8 31. Bc2 Qb5 32. e6 Nd3 33. exf7+ Kxf7 34. Qd4 Qc5 35. Qxc5 Nxc5 36. Kf1 g5 37. h4 gxh4 38. Ke2 Kf6 39. f4 a5 40. Ke3 e5 41. dxe6 Nxe6 42. Ke4 Nc5+ 43. Kd4 Ne6+ 44. Ke3 Nc5 45. Kd2 Ke6 46. Kc3 Kd5 47. Bg6 Na4+ 48. Kc2 Kd4 49. Bxh5 Nc3 50. f5 Nd5 51. Bg6 Ke5 52. Kd2 Kf4 53. Bf7 c3+ 54. Kd3 c2 55. Kxc2 Ne3+ 56. Kd2 Nxf5 57. Ke2 Kg3 58. Bd5 Kf4 59. Kf2 Ng3 60. Kg1 Nf5 1/2-1/2

[Event "Porto San Giorgio Weekend-B 15th"]
[Site "Porto San Giorgio"]
[Date "2012.11.17"]
[Round "1"]
[White "Marinucci, Johnny"]
[Black "Vannicola, Roberto"]
[Result "1-0"]
[WhiteElo "1754"]
[BlackElo "1496"]
[PlyCount "75"]
[EventDate "2012.11.17"]
[EventType "swiss"]
[EventRounds "6"]
[EventCountry "ITA"]
[SourceTitle "EXT 2024"]
[Source "ChessBase"]
[SourceDate "2023.10.10"]
[SourceVersion "1"]
[SourceVersionDate "2023.10.10"]
[SourceQuality "1"]

1. d4 Nf6 2. Bf4 e6 3. e3 b6 4. Nf3 Bb7 5. Nbd2 Be7 6. h3 0-0 7. Bd3 d5 8. 0-0 Bd6 9. Ne5 Bxe5 10. Bxe5 Nbd7 11. Bg3 c5 12. c3 a5 13. Re1 Ba6 14. Bc2 b5 15. Bd6 Re8 16. dxc5 Rc8 17. b4 axb4 18. cxb4 Nb6 19. Nf3 Nc4 20. Bh2 Nd7 21. e4 Bb7 22. e5 Ra8 23. Nd4 Nb8 24. Nxb5 Bc6 25. Nd6 Nxd6 26. exd6 Qd7 27. a4 Qa7 28. b5 Qxc5 29. bxc6 Qxc6 30. Qd3 g6 31. Be5 Nd7 32. Bg3 e5 33. Bb3 d4 34. Qc4 Qxc4 35. Bxc4 Kg7 36. Bb5 Red8 37. Rac1 f6 38. Rc7 1-0

[Event "ITA-ch Amateur C"]
[Site "Civitanova Marche"]
[Date "2012.07.15"]
[Round "1"]
[White "Marinucci, Johnny"]
[Black "Brugaletta, Giorgio"]
[Result "1-0"]
[WhiteElo "1775"]
[BlackElo "1696"]
[PlyCount "120"]
[EventDate "2012.07.15"]
[EventType "swiss"]
[EventRounds "8"]
[EventCountry "ITA"]
[SourceTitle "EXT 2024"]
[Source "ChessBase"]
[SourceDate "2023.10.10"]
[SourceVersion "1"]
[SourceVersionDate "2023.10.10"]
[SourceQuality "1"]

1. d4 d5 2. Bf4 Bf5 3. e3 e6 4. Nf3 Nd7 5. c4 Bb4+ 6. Nc3 c6 7. Be2 Ngf6 8. 0-0 Bxc3 9. bxc3 Ne4 10. Qb3 Qb6 11. Rfc1 0-0 12. c5 Qxb3 13. axb3 a5 14. Bc7 Ra7 15. Bxa5 Rfa8 16. b4 Bg4 17. Rcb1 Bxf3 18. gxf3 Nd2 19. Rb2 Nc4 20. Bxc4 dxc4 21. e4 Nf6 22. Rd1 Nh5 23. d5 cxd5 24. exd5 exd5 25. Rxd5 Nf4 26. Rd4 g5 27. Rxc4 Ra6 28. Rd2 Re6 29. Re4 Rae8 30. Rd8 Rxd8 31. Bxd8 Rxe4 32. fxe4 Ne2+ 33. Kf1 Nxc3 34. f3 h6 35. Bf6 Nb5 36. Ke2 Kf8 37. Kd3 Ke8 38. Kc4 Nc7 39. b5 Kd7 40. Be5 Ne6 41. Kd5 h5 42. h3 Nd8 43. Bh2 Ne6 44. c6+ bxc6+ 45. bxc6+ Kc8 46. Be5 Nf8 47. Bh2 Ng6 48. Bg3 Ne7+ 49. Kd6 Ng6 50. e5 Kd8 51. c7+ Kc8 52. e6 fxe6 53. Kxe6 Nf8+ 54. Kf7 Nd7 55. Kg6 g4 56. fxg4 hxg4 57. h4 Nf8+ 58. Kg5 Ne6+ 59. Kxg4 Nxc7 60. Bxc7 Kxc7 1-0

[Event "Porto San Giorgio Weekend-B 14th"]
[Site "Porto San Giorgio"]
[Date "2011.11.27"]
[Round "6"]
[White "Maggiore, Francesco"]
[Black "Marinucci, Johnny"]
[Result "1-0"]
[WhiteElo "1751"]
[BlackElo "1774"]
[PlyCount "117"]
[EventDate "2011.11.19"]
[EventType "swiss"]
[EventRounds "6"]
[EventCountry "ITA"]
[SourceTitle "EXT 2024"]
[Source "ChessBase"]
[SourceDate "2023.10.10"]
[SourceVersion "1"]
[SourceVersionDate "2023.10.10"]
[SourceQuality "1"]

1. d4 Nf6 2. c4 c6 3. Nc3 d5 4. e3 Bf5 5. Bd3 Bxd3 6. Qxd3 e6 7. a3 Be7 8. Nf3 0-0 9. e4 dxe4 10. Nxe4 c5 11. Be3 Nc6 12. Rd1 cxd4 13. Bxd4 Nxd4 14. Nxd4 Nxe4 15. Qxe4 Qa5+ 16. Rd2 Bf6 17. Qe3 Bxd4 18. Qxd4 Rfd8 19. Qe3 Rxd2 20. Qxd2 Qe5+ 21. Qe2 Qd4 22. 0-0 Rd8 23. g3 Kf8 24. Re1 Qd2 25. b4 Qd3 26. Qxd3 Rxd3 27. Re3 Rd2 28. Rc3 Ke7 29. c5 Kd7 30. b5 Kc7 31. a4 Rd4 32. Rf3 f6 33. Rf4 Rd5 34. Rc4 Rd2 35. Kf1 a6 36. c6 axb5 37. axb5 Rd5 38. b6+ Kc8 39. cxb7+ Kxb7 40. Rc7+ Kxb6 41. Rxg7 Rh5 42. Re7 e5 43. Re6+ Kc5 44. Rxf6 Kd4 45. Kg2 Rg5 46. h4 Rg7 47. Kf3 Rc7 48. Kg4 Ke4 49. Kh5 Kd3 50. Kh6 e4 51. g4 Kd4 52. g5 Ke5 53. h5 Rd7 54. Rf8 Ke6 55. Rh8 Rf7 56. Rxh7 Rxf2 57. g6 e3 58. g7 Rg2 59. Rh8 1-0

[Event "Porto San Giorgio Weekend-B 14th"]
[Site "Porto San Giorgio"]
[Date "2011.11.20"]
[Round "2"]
[White "Marinucci, Johnny"]
[Black "Ramini, Luigi"]
[Result "1-0"]
[WhiteElo "1774"]
[BlackElo "1754"]
[PlyCount "53"]
[EventDate "2011.11.19"]
[EventType "swiss"]
[EventRounds "6"]
[EventCountry "ITA"]
[SourceTitle "EXT 2024"]
[Source "ChessBase"]
[SourceDate "2023.10.10"]
[SourceVersion "1"]
[SourceVersionDate "2023.10.10"]
[SourceQuality "1"]

1. d4 d5 2. Bf4 Nf6 3. e3 c6 4. c4 e6 5. Nc3 Nbd7 6. Bd3 Qa5 7. Nf3 Bb4 8. Qc2 Ne4 9. Bxe4 dxe4 10. Ng5 Nf6 11. Be5 Ng4 12. Bf4 f5 13. f3 exf3 14. gxf3 Nf6 15. h4 h6 16. Nh3 Be7 17. Rg1 Nh5 18. 0-0-0 Bxh4 19. Be5 Rg8 20. Rg6 Bf6 21. f4 Kf7 22. Rdg1 Bg5 23. Nxg5+ Kxg6 24. Nxe6+ Kf7 25. Qxf5+ Nf6 26. Rxg7+ Ke8 27. Qg6# 1-0

[Event "Civitanova Marche Region-ch"]
[Site "Civitanova Marche"]
[Date "2011.05.13"]
[Round "1"]
[White "Sagripanti, Michele"]
[Black "Marinucci, Johnny"]
[Result "1-0"]
[WhiteElo "1947"]
[BlackElo "1762"]
[PlyCount "181"]
[EventDate "2011.05.13"]
[EventType "swiss"]
[EventRounds "5"]
[EventCountry "ITA"]
[SourceTitle "EXT 2024"]
[Source "ChessBase"]
[SourceDate "2023.10.10"]
[SourceVersion "1"]
[SourceVersionDate "2023.10.10"]
[SourceQuality "1"]

1. e4 Nf6 2. e5 Nd5 3. d4 d6 4. Nf3 Bg4 5. Be2 Nc6 6. exd6 cxd6 7. 0-0 e6 8. c4 Nf6 9. Nc3 d5 10. cxd5 Nxd5 11. Qb3 Qb6 12. Qxb6 Nxb6 13. Bf4 Be7 14. Rfd1 0-0 15. h3 Bf5 16. Rac1 Nb4 17. a3 N4d5 18. Bg3 Rfd8 19. Nb5 a6 20. Nc7 Rac8 21. Nxd5 Nxd5 22. Bc4 Nf6 23. Bb3 Be4 24. Bc7 Re8 25. Ba5 Bd5 26. Bxd5 Nxd5 27. Ne5 Bf6 28. Rxc8 Rxc8 29. g3 Rc2 30. f4 Be7 31. Rd2 Rc8 32. Nd7 Rc6 33. Ne5 Rc1+ 34. Kf2 b6 35. Nd3 Rc8 36. Bb4 Bf6 37. Ne5 Bxe5 38. dxe5 g6 39. Bd6 Rc6 40. Ke2 f5 41. Kf3 h5 42. Ke2 b5 43. Kd3 Kf7 44. Ke2 Ke8 45. Kf3 Rc4 46. Bb8 Kd7 47. Bd6 Kc6 48. Bb8 Kb7 49. Bd6 Re4 50. Bc5 Kc6 51. Bf2 Rc4 52. Be3 a5 53. Bf2 b4 54. axb4 axb4 55. Ke2 b3 56. Kd3 Kb5 57. Bd4 Nb4+ 58. Ke2 Rc2 59. Rxc2 Nxc2 60. Kd3 Kb4 61. Bc3+ Kc5 62. h4 Kd5 63. Bd2 Nd4 64. Bc3 Nf3 65. Ke3 Nh2 66. Kd3 Ng4 67. Be1 Nh2 68. Bf2 Ng4 69. Be1 Nh2 70. Kc3 Nf3 71. Bf2 Kc6 72. Kxb3 Nd2+ 73. Ka4 Ne4 74. Be1 Kb6 75. b4 Ka6 76. b5+ Kb6 77. Kb4 Kb7 78. Kc4 Kb6 79. Kb4 Kb7 80. Ka5 Nc5 81. b6 Kc6 82. Bf2 Nb7+ 83. Ka6 Nd8 84. Ka7 Nb7 85. Kb8 Na5 86. Kc8 Nb7 87. Bg1 Na5 88. Kd8 Nb3 89. Ke7 Nd2 90. Kxe6 Ne4 91. Kf7 1-0

[Event "Porto San Giorgio Weekend-B 13th"]
[Site "Porto San Giorgio"]
[Date "2010.11.27"]
[Round "4"]
[White "Ramini, Luigi"]
[Black "Marinucci, Johnny"]
[Result "1-0"]
[WhiteElo "1714"]
[BlackElo "1762"]
[PlyCount "47"]
[EventDate "2010.11.20"]
[EventType "swiss"]
[EventRounds "6"]
[EventCountry "ITA"]
[SourceTitle "EXT 2024"]
[Source "ChessBase"]
[SourceDate "2023.10.10"]
[SourceVersion "1"]
[SourceVersionDate "2023.10.10"]
[SourceQuality "1"]

1. d4 d5 2. Nf3 Bf5 3. e3 e6 4. Bd3 Bg6 5. Nc3 Nd7 6. Ne2 Bd6 7. Nf4 Ngf6 8. c3 Bxd3 9. Qxd3 Ne4 10. Nd2 Nxd2 11. Bxd2 0-0 12. e4 Re8 13. e5 Be7 14. Nh5 g6 15. Nf4 c5 16. h4 Bf8 17. h5 g5 18. Nh3 h6 19. f4 g4 20. Nf2 c4 21. Qg3 f5 22. exf6 Nxf6 23. Nxg4 Ne4 24. Nxh6+ 1-0

[Event "Porto San Giorgio Weekend-B 13th"]
[Site "Porto San Giorgio"]
[Date "2010.11.21"]
[Round "3"]
[White "Marinucci, Johnny"]
[Black "Faini, Ivano"]
[Result "1-0"]
[WhiteElo "1762"]
[BlackElo "1674"]
[PlyCount "144"]
[EventDate "2010.11.20"]
[EventType "swiss"]
[EventRounds "6"]
[EventCountry "ITA"]
[SourceTitle "EXT 2024"]
[Source "ChessBase"]
[SourceDate "2023.10.10"]
[SourceVersion "1"]
[SourceVersionDate "2023.10.10"]
[SourceQuality "1"]

1. d4 Nf6 2. Bf4 g6 3. Nf3 d6 4. h3 Bg7 5. e3 0-0 6. Be2 Nbd7 7. c4 Qe8 8. Nc3 a6 9. 0-0 e5 10. Bh2 c5 11. Re1 Qe7 12. Rb1 Ra7 13. a3 b6 14. b4 Bb7 15. bxc5 bxc5 16. d5 e4 17. Nd2 Rb8 18. Qa4 Rba8 19. Qa5 Bc8 20. Na4 Ne5 21. Rb3 Qc7 22. Qxc7 Rxc7 23. Reb1 Bf8 24. Nb6 Raa7 25. a4 a5 26. Nxc8 Rxc8 27. Rb8 Rxb8 28. Rxb8 Kg7 29. Bxe5 dxe5 30. Rb5 Bd6 31. Nb3 Nd7 32. Nxa5 Bc7 33. Nb7 Bb6 34. Nd6 Rxa4 35. Nxe4 Ra2 36. Bf1 Ra1 37. g4 Ra5 38. Rb1 Ra4 39. Nc3 Rb4 40. Rd1 Rb3 41. Nb5 e4 42. Nd6 Ne5 43. Nxe4 Rb4 44. Nd2 Rb2 45. Kg2 g5 46. Nf3 f6 47. Nxe5 fxe5 48. d6 Kf7 49. Bd3 h6 50. Be4 Rb4 51. Bc6 Kf6 52. Bb5 Ke6 53. Kf3 Rb2 54. d7 Bd8 55. Ra1 Rd2 56. Ra8 Ke7 57. Rc8 e4+ 58. Kxe4 Rxf2 59. Rc6 Rf6 60. Rxc5 Re6+ 61. Re5 Rxe5+ 62. Kxe5 Bc7+ 63. Kf5 Kf7 64. e4 Bb6 65. c5 Bc7 66. Bc4+ Kg7 67. Ke6 Bd8 68. e5 Kf8 69. Kd6 Ba5 70. e6 Bd8 71. c6 Be7+ 72. Kc7 Bb4 1-0

[Event "Porto Sant Elpidio op-B 12th"]
[Site "Porto Sant Elpidio"]
[Date "2009.11.22"]
[Round "3"]
[White "Binci, Filippo"]
[Black "Marinucci, Johnny"]
[Result "1-0"]
[WhiteElo "1793"]
[BlackElo "1754"]
[PlyCount "103"]
[EventDate "2009.11.21"]
[EventType "swiss"]
[EventRounds "6"]
[EventCountry "ITA"]
[SourceTitle "EXT 2024"]
[Source "ChessBase"]
[SourceDate "2023.10.10"]
[SourceVersion "1"]
[SourceVersionDate "2023.10.10"]
[SourceQuality "1"]

1. c4 e5 2. g3 Nc6 3. Bg2 g6 4. Nc3 Bg7 5. e4 d6 6. d3 h6 7. Nge2 f5 8. 0-0 Nf6 9. f4 0-0 10. h3 Ne7 11. Be3 Nh7 12. Qd2 exf4 13. gxf4 Nc6 14. Rf3 Be6 15. Rg3 Qf6 16. Kh2 Bf7 17. Rg1 Rfe8 18. b3 Nf8 19. d4 Kh7 20. d5 Ne7 21. Bd4 Qh4 22. Bxg7 Kxg7 23. e5 dxe5 24. fxe5 Rad8 25. Nd4 Kh7 26. Nf3 Qh5 27. Ne2 g5 28. Bf1 Ne6 29. Nfd4 Rg8 30. Qc3 Nxd4 31. Nxd4 Qh4 32. Nf3 Qf4 33. Qd4 Qxd4 34. Nxd4 f4 35. Bd3+ Bg6 36. Bxg6+ Rxg6 37. Rf3 a6 38. h4 Rh8 39. Ne6 Nf5 40. hxg5 hxg5 41. Rh3+ Kg8 42. Rxh8+ Kxh8 43. Rxg5 Rh6+ 44. Kg2 Nh4+ 45. Kf2 Ng6 46. Nxc7 Rh2+ 47. Kg1 Rh6 48. d6 Nf8 49. e6 Nxe6 50. Nxe6 Rxe6 51. d7 Re1+ 52. Kf2 1-0

[Event "Fermo Province-ch"]
[Site "Fermo"]
[Date "2009.02.01"]
[Round "2"]
[White "Marinucci, Johnny"]
[Black "Giobbi, Costantino"]
[Result "0-1"]
[WhiteElo "1749"]
[BlackElo "1950"]
[PlyCount "128"]
[EventDate "2009.01.31"]
[EventType "swiss"]
[EventRounds "6"]
[EventCountry "ITA"]
[SourceTitle "EXT 2011"]
[Source "ChessBase"]
[SourceDate "2010.11.26"]
[SourceVersion "1"]
[SourceVersionDate "2010.11.26"]
[SourceQuality "1"]

1. d4 d6 2. Bf4 Nf6 3. e3 Bf5 4. Be2 e6 5. c4 Be7 6. Qb3 Qc8 7. Nc3 Nbd7 8. Nf3 Ne4 9. 0-0 0-0 10. Nxe4 Bxe4 11. Nd2 Bg6 12. Bf3 c6 13. Rac1 Rd8 14. Rfe1 e5 15. Bg3 Bf6 16. Ne4 Bxe4 17. Bxe4 Nf8 18. Qd3 g6 19. d5 c5 20. f4 exf4 21. exf4 Bd4+ 22. Kh1 f5 23. Bf3 Qd7 24. b4 b6 25. Bh4 Re8 26. b5 Rxe1+ 27. Rxe1 Re8 28. Rxe8 Qxe8 29. Qe2 Qxe2 30. Bxe2 Kf7 31. Bd8 Bf6 32. Bc7 Ke7 33. Bb8 Kd7 34. g4 Be7 35. gxf5 gxf5 36. Bd3 Kc8 37. Bxa7 Kb7 38. Bxb6 Kxb6 39. Bxf5 Ka5 40. Kg2 Bd8 41. Kf3 Kb4 42. Bd3 Kc3 43. Ke3 h6 44. h4 Nd7 45. a4 Kb4 46. h5 Kxa4 47. Ke4 Nf6+ 48. Kf5 Nxh5 49. Bc2+ Ka5 50. Bd1 Ng3+ 51. Ke6 Kb6 52. f5 Kc7 53. Bf3 h5 54. f6 Bxf6 55. Kxf6 h4 56. Bg2 Ne2 57. Kg5 Nd4 58. Kxh4 Nf5+ 59. Kg5 Ne3 60. Bf3 Nxc4 61. Kf6 Na3 62. Be2 c4 63. Ke6 c3 64. Bd3 Nxb5 0-1

[Event "Assisi op-B 4th"]
[Site "Assisi"]
[Date "2008.12.21"]
[Round "4"]
[White "Marinucci, Johnny"]
[Black "Bertolini, Ettore"]
[Result "1-0"]
[WhiteElo "1746"]
[BlackElo "1890"]
[PlyCount "120"]
[EventDate "2008.12.20"]
[EventType "swiss"]
[EventRounds "7"]
[EventCountry "ITA"]
[SourceTitle "EXT 2011"]
[Source "ChessBase"]
[SourceDate "2010.11.26"]
[SourceVersion "1"]
[SourceVersionDate "2010.11.26"]
[SourceQuality "1"]

1. d4 Nf6 2. Bf4 b6 3. e3 Bb7 4. Nd2 g6 5. Ngf3 Bg7 6. h3 d6 7. Be2 Nbd7 8. 0-0 0-0 9. a4 Nh5 10. Bh2 c5 11. c3 e6 12. Nc4 d5 13. Nd6 Bc6 14. Ba6 Qe7 15. Nb5 Bxb5 16. axb5 Nb8 17. Qc2 f5 18. Be5 Nf6 19. Bxb8 Raxb8 20. Ne5 Ra8 21. Nc6 Qc7 22. dxc5 bxc5 23. Na5 Nd7 24. Bb7 Rab8 25. Bc6 Ne5 26. Qa4 c4 27. Ra2 Rf7 28. Rd1 f4 29. e4 f3 30. g3 Rd8 31. exd5 Nxc6 32. Nxc6 Rxd5 33. Rxd5 exd5 34. Qxa7 Qd6 35. Qb8+ Bf8 36. Qxd6 Bxd6 37. Ra8+ Kg7 38. Ra7 Bc5 39. Rxf7+ Kxf7 40. Ne5+ Ke6 41. Nxf3 Kf5 42. Kf1 h6 43. Ke2 Ke4 44. Nd2+ Kf5 45. f3 g5 46. b3 cxb3 47. Nxb3 Bd6 48. Nd4+ Kf6 49. Kf2 Bc5 50. f4 Kg6 51. Kf3 Kf6 52. fxg5+ hxg5 53. h4 gxh4 54. gxh4 Kg6 55. Kg4 Bb6 56. h5+ Kh7 57. Kf5 Ba5 58. Ne2 Kh6 59. Ke6 Kxh5 60. Nf4+ Kg5 1-0

[Event "Porto Sant Elpidio op-B 11th"]
[Site "Porto Sant Elpidio"]
[Date "2008.11.30"]
[Round "5"]
[White "Marinucci, Johnny"]
[Black "Gasparroni, Riccardo"]
[Result "1-0"]
[WhiteElo "1746"]
[BlackElo "1663"]
[PlyCount "79"]
[EventDate "2008.11.22"]
[EventType "swiss"]
[EventRounds "6"]
[EventCountry "ITA"]
[SourceTitle "EXT 2011"]
[Source "ChessBase"]
[SourceDate "2010.11.26"]
[SourceVersion "1"]
[SourceVersionDate "2010.11.26"]
[SourceQuality "1"]

1. d4 Nf6 2. Bf4 g6 3. e3 Bg7 4. Nf3 d6 5. h3 0-0 6. Be2 Nbd7 7. 0-0 c5 8. c3 b6 9. a4 Bb7 10. Na3 Nd5 11. Bg3 N7f6 12. a5 Ne4 13. Bh2 cxd4 14. a6 Bc6 15. Nxd4 Bxd4 16. Qxd4 f5 17. Bc4 Nef6 18. Ba2 e5 19. Qc4 Rc8 20. Qd3 Kg7 21. Rad1 Rc7 22. Bc4 Qa8 23. Bb5 Rd7 24. f3 Nc7 25. Qc4 Nxb5 26. Nxb5 Bd5 27. Qb4 Qc6 28. b3 Rfd8 29. c4 Be6 30. Qc3 Rc8 31. Qb2 Qc5 32. Kh1 Rf8 33. Rf2 Qxe3 34. Rfd2 Rfd8 35. Bg1 Qg5 36. Rxd6 Rxd6 37. Rxd6 Rd7 38. Rxd7+ Nxd7 39. Nxa7 f4 40. Nc6 1-0

[Event "Falconara Marche Estate op-B 3rd"]
[Site "Falconara Marittima"]
[Date "2008.06.??"]
[Round "4"]
[White "Recchi, Antonio"]
[Black "Marinucci, Johnny"]
[Result "1-0"]
[WhiteElo "1805"]
[BlackElo "1748"]
[PlyCount "35"]
[EventDate "2008.06.21"]
[EventType "swiss"]
[EventRounds "4"]
[EventCountry "ITA"]
[SourceTitle "EXT 2010"]
[Source "ChessBase"]
[SourceDate "2010.11.25"]
[SourceVersion "1"]
[SourceVersionDate "2010.11.25"]
[SourceQuality "1"]

1. Nf3 Nf6 2. c4 b6 3. Nc3 Bb7 4. Qc2 e6 5. a3 Be7 6. e4 d6 7. d4 Nbd7 8. b4 0-0 9. Be2 Rc8 10. 0-0 c5 11. bxc5 bxc5 12. d5 e5 13. Ne1 Ne8 14. f4 f6 15. Bg4 Nc7 16. Qe2 Rb8 17. Bf5 exf4 18. Qh5 1-0

[Event "AP Province-ch"]
[Site "Fermo"]
[Date "2008.01.13"]
[Round "2"]
[White "Balzano, Filli"]
[Black "Marinucci, Johnny"]
[Result "0-1"]
[WhiteElo "1509"]
[BlackElo "1724"]
[PlyCount "116"]
[EventDate "2008.01.12"]
[EventType "swiss"]
[EventRounds "6"]
[EventCountry "ITA"]
[SourceTitle "EXT 2009"]
[Source "ChessBase"]
[SourceDate "2008.11.26"]
[SourceVersion "1"]
[SourceVersionDate "2008.11.26"]
[SourceQuality "1"]

1. e4 Nf6 2. e5 Nd5 3. d4 d6 4. exd6 cxd6 5. Nf3 Bf5 6. Bc4 Nf6 7. Bb3 e6 8. 0-0 Be7 9. h3 d5 10. Be3 h6 11. Nbd2 0-0 12. c3 Nbd7 13. Re1 b5 14. Bc2 Bxc2 15. Qxc2 Qc7 16. Rac1 Rfc8 17. Nf1 Ne4 18. N1d2 Nxd2 19. Bxd2 Nb6 20. b3 a5 21. Qd3 Qd7 22. Ne5 Qe8 23. c4 bxc4 24. bxc4 dxc4 25. Nxc4 Qb5 26. Ne5 Qxd3 27. Nxd3 Nd5 28. Rxc8+ Rxc8 29. Rc1 Rxc1+ 30. Nxc1 Ba3 31. Nb3 a4 32. Nc5 Bxc5 33. dxc5 Kf8 34. Kf1 Ke8 35. Ke2 Kd7 36. Kd3 Kc6 37. Kc4 h5 38. Be1 g6 39. Bd2 e5 40. Be3 f5 41. Bd2 f4 42. f3 Ne3+ 43. Kb4 Nxg2 44. Kxa4 Kxc5 45. Kb3 Nh4 46. a4 Nxf3 47. Bc1 Nd4+ 48. Kc3 Ne2+ 49. Kd2 Nxc1 50. Kxc1 Kb4 51. a5 Kxa5 52. Kd2 Kb4 53. Kd3 Kb3 54. h4 Kb2 55. Kd2 Kb1 56. Kd1 e4 57. Ke2 Kc2 58. Kf2 Kd2 0-1